Loading...
| Mythology | 0 | 8 | 1 | 0 | 75 | 20 | 52.25 | 5 | 6 | 0.00 | 0.00 |
| Literature - European | 0 | 5 | 0 | 0 | 50 | 109 | 118.60 | 0 | 0 | 0.00 | 0.00 |
| Literature - World | 0 | 5 | 0 | 1 | 50 | 90 | 104.60 | 0 | 0 | 0.00 | 0.00 |
| Literature - American | 0 | 4 | 0 | 0 | 40 | 84 | 106.25 | 0 | 2 | 0.00 | 0.00 |
| Religion | 0 | 4 | 1 | 0 | 35 | 69 | 89.25 | 0 | 1 | 0.00 | 0.00 |
| Social Science | 0 | 2 | 0 | 0 | 20 | 81 | 85.50 | 0 | 0 | 0.00 | 0.00 |
| History - Other | 0 | 2 | 0 | 0 | 20 | 39 | 63.50 | 2 | 2 | 0.00 | 0.00 |
| Philosophy | 0 | 2 | 0 | 1 | 20 | 106 | 113.50 | 0 | 1 | 0.00 | 0.00 |
| Science - Other | 0 | 2 | 0 | 0 | 20 | 68 | 88.50 | 0 | 0 | 0.00 | 0.00 |
| Fine Arts - Painting and Sculpture | 0 | 2 | 1 | 0 | 15 | 68 | 74.50 | 1 | 2 | 0.00 | 0.00 |
| Popular Culture | 0 | 1 | 0 | 0 | 10 | 33 | 33.00 | 1 | 1 | 0.00 | 0.00 |
| History - American | 0 | 1 | 0 | 0 | 10 | 63 | 63.00 | 0 | 0 | 0.00 | 0.00 |
| Literature - British | 0 | 1 | 0 | 0 | 10 | 133 | 133.00 | 0 | 0 | 0.00 | 0.00 |